Quizzes
Events
Quiz Creation
Community
Videos
Private Events
Remove Ads
Sign In
Join for FREE
Feedback
Dark Mode
Quiz Categories
Sports
Geography
Music
Movies
Television
Just For Fun
Miscellaneous
History
Literature
Language
Science
Gaming
Entertainment
Religion
Holiday
For Kids
Quiz Lab
Recent
Popular Today
Quiz Kudos Today
Editor Picks
Curator Picks
Quizzes by...
Day
Popularity
Type
Ratings
Length
Year
Community
Subscriptions
Recent Discussions
Orange Saloon
Badges
Playlists
Quests
Create
Leaderboards
Showdown
Live 5
Trivia Bingo
Activity
Puzzle Library
Sporcle Events
Private Events
Virtual Trivia
Globe League
Become a Host
Pub Owners
SporcleCon
Opinionation
Our Games
Videos
Blog
Mobile Apps
Partnerships
Remove Ads and Go Orange
Feedback
Movies
Disney
Marvel Cinematic Universe
Movie Resume
Movie Titles
Oscar
Actor
Actress
Director
Pixar
Role
Movie Quotes
Movie Characters
Box Office
Nominee
Best Picture
Star Wars
James Bond
Horror Movies
Movies
Disney
Marvel Cinematic Universe
Movie Resume
Movie Titles
Oscar
Actor
Actress
Director
Pixar
Role
Movie Quotes
Movie Characters
Box Office
Nominee
Best Picture
Star Wars
James Bond
Horror Movies
Random Quiz
Search Sporcle
×
Quiz Lab
Quiz Lab
Movies
Roger
Type in answers that appear in a list
Type in answers that appear in a list
Classic
Best Score? Go Orange.
If it's Acme it's a Gasser! Stats
Can you name the Acme Products in 'Who Framed Roger Rabbit'?
By
43bronco
7m
42 Questions
50 Plays
50 Plays
50 Plays
Comments
Comments
Give Quiz Kudos
Give Quiz Kudos
-
- Ratings
hide this ad
Random Order
Randomize order of answers
Randomize order of answers
Replay
Link that replays current quiz
Next Quiz
Link to next quiz in quiz playlist
You Got
0%
They Got
Avg Score
28%
Avg Friend Score
Upgrade to see
Score Distribution
Jump to the score distribution portion of the page
Score
0/42
Timer
07:00
0
Plays Today
% Correct
Hand Buzzer
68%
Singing Sword
62%
Trick Ink
56%
Portable Holes
54%
Magnet
52%
Super Glue
42%
Safe
40%
Dynamite
40%
Bombs
38%
Shoes
38%
Rockets
36%
Steamrollers
34%
Suck-O-Lux
34%
Eyeballs
30%
Bird Seed
30%
Pogo Sticks
30%
1 Ton of Bricks
30%
Itching Powder
28%
Chili Sauce Extra Hot
28%
Curve Balls
28%
Elephant Pills
26%
% Correct
Noses
24%
Banana Skins
24%
Super Outfits
22%
Overused Gags
22%
Bear Traps
22%
Trick Umbrellas
20%
Assorted Marbles
20%
Head Wigs
18%
Spare Tire
18%
Whoopee Cushions
18%
Ball n' Chains
18%
50 Ton Weight
16%
Stove
16%
Mouse Poison
16%
Toaster
16%
Cab
16%
10 Ton Weight
16%
Giant Combs
14%
Kitchen Utensils
14%
Instruments
14%
Bird Cages
14%
Quiz Playlist
Details
Report
Send in Message
Add To Playlist
Classic:
Type in answers that appear in a list
Random Order:
Randomize order of answers
Last Updated: Feb 16, 2017
Quiz Scoreboard
CHALLENGE
Sign Up to Join the Scoreboard
Show All
Scores
Hide
Comments
May contain spoilers
Recently Published
9x9 Crossword: Cartoon Network
by jackfrog10
Miscellaneous
3m
College Basketball Coaching Resumes
by pancakes188
Sports
9m
Billboard Blitz: Fleetwood Mac
by CooCooCachoo
Music
15s
More to Explore
Quiz From the Vault
Featured Blog Post
Where Did the Easter Bunny Come From?
hide this ad
You Might Also Like...
Tags
Framed
product
Rabbit
Roger
Roger Rabbit
Today's Top Quizzes in Movies
Browse Movies
hide this ad
Today's Top Quizzes in Roger
Browse Roger
Top Contributed Quizzes in Movies
1
Pick 5 Posters: Directed by Spielberg
2
7-to-1: Pixar Characters
3
Pick 5 Posters: Lowest-Rated Spielberg
4
Sorting Actors
5
Sorting Actresses
6
Pick 5 Posters: Directed by Scorsese
7
Pick 5 Posters: Star & Director
8
Pick 5 Posters: Women Directed 2020s
9
12 Movies about Fictional 1960s Events
10
Multi-Oscar Nominations, One Movie, One Winner
Explore More
Trending Topics
Kpop
Harry Potter
NBA
Disney
Marvel
Crossword
Anime
Song
The Office
Puzzle
WWE
Pokémon
Soccer
Country
NFL
hide this ad
More By:
43bronco
Quiz
Plays
Rating
Category
Featured
Created
Most Rookie Home-Runs Hit in '10s Season
12,514
4.18
Sports
Sep 8, 2022
Hall-of-Famers Who Played On Joe Torre Managed Teams
4,385
4.50
Sports
Jan 4, 2019
Hall-of-Famers On Sparky Anderson Managed-teams
3,513
4.63
Sports
Jan 21, 2019
Turn The Page
1,675
4.11
Music
Jan 30, 2013
Hall-of-Famers on Bobby Cox Managed Teams
875
3.00
Sports
Jan 4, 2019
Go to Creator's Profile
Score Distribution
Quiz Creator Spotlight
43bronco
Follow
Send a Message
Quizzes Created
-
Created Quiz Play Count
-
More By This Creator
Popular Quizzes Today
1
Find the US States - No Outlines Minefield
2
Find the Countries of Europe - No Outlines Minefield
3
The Countries of the World
4
Find the US States
5
Risky Map Clicking: Biggest States A-Z
6
US States
7
Popular People in 1961
8
Movies - When Are They Set?
More Movies Quizzes
John Gielgud as...
Quiz Lab
Trending Quizzes
Risky Map Clicking: Least Populous States A-Z
1-10 Letter G Words
1-10 Letter F Words
Risky Map Clicking: Next State Alphabetically
Adjectives in 80s TV Shows
Recently Updated
Leaping Animals
pecheneg
Reality TV Shows (A-Z)
bhenderson79
Rickey Henderson's Hall of Fame Teammates
pecheneg
Champions League XIs: Arsenal
pecheneg
Quick Pick: Celebrities in WWE's Hall of Fame
aduchscher
A-Z Keypad Blitz II
pecheneg
Multiple Oscar Actors
pecheneg
Mystery Phrase Blitz: Oscar 'Best Actors'
pecheneg
F. Scott Fitzgerald Novels
LTH
Pick 3 Villains
ddd62291
Trending Topics
Disney
Harry Potter
Anime
Marvel
Crossword
Kpop
NBA
Pokémon
Puzzle
NFL
The Office
WWE
Country
Soccer
Song
Your Account Isn't Verified!
In order to create a playlist on Sporcle, you need to verify the email address you used during registration. Go to your
Sporcle Settings
to finish the process.
Report this User
Report this user for behavior that violates our
Community Guidelines
.
Details:
Send Report
Go to the Sporcle.com Mobile Site →
Comments